Clinical examination of farm animals (Record no. 10312)

000 -LEADER
fixed length control field 00245nam a22001217a 4500
040 ## - CATALOGING SOURCE
Transcribing agency HS
082 ## - DEWEY DECIMAL CLASSIFICATION NUMBER
Classification number 636
100 ## - MAIN ENTRY--AUTHOR NAME
Personal name JACKSON
245 ## - TITLE STATEMENT
Title Clinical examination of farm animals
260 ## - PUBLICATION, DISTRIBUTION, ETC. (IMPRINT)
Place of publication RUA
Name of publisher JACKSON
Year of publication NA
300 ## - PHYSICAL DESCRIPTION
Number of Pages 138p;
942 ## - ADDED ENTRY ELEMENTS (KOHA)
Koha item type សៀវភៅភាសាអង់គ្លេស
952 ## - LOCATION AND ITEM INFORMATION (KOHA)
Withdrawn status [LOCAL, KOHA] 0
952 ## - LOCATION AND ITEM INFORMATION (KOHA)
Withdrawn status [LOCAL, KOHA] 0
952 ## - LOCATION AND ITEM INFORMATION (KOHA)
Withdrawn status [LOCAL, KOHA] 0
Holdings
Permanent Location Date acquired Koha item type Lost status Shelving location Barcode Current Location Full call number
Library Block C2016-10-13សៀវភៅភាសាអង់គ្លេស C249RUA045624Library Block C636 JAC NA C249
Library Block C2016-10-14សៀវភៅភាសាអង់គ្លេស C243RUA045537Library Block C636 JAC NA C243
Library Block C2016-10-14សៀវភៅភាសាអង់គ្លេស C243RUA045606Library Block C636 JAC NA C243
មជ្ឈមណ្ឌលឯការនៃសាកលវិទ្យាល័យភូមិន្ទកសិកម្មចំការដូង

Powered by Koha